Deutsche Teilnehmer UEFA Europa League und UEFA Cup All-Time - Statistiken

Allgemein
  • Dieses Quiz wurde 217 mal gespielt
    107 seit der letzten Aktualisierung
  • Das Durchschnittsergebnis liegt bei 33 aus 42
Antwortstatistiken
Letzte Teilnahme Verein % Korrekt
2024/25 Eintracht Frankfurt
97%
2007/08 FC Bayern München
97%
2016/17 FC Schalke 04
97%
2023/24 SC Freiburg
96%
2022/23 1. FC Union Berlin
95%
2009/10 Hamburger SV
95%
2017/18 Hertha BSC Berlin
95%
1988/89 Lokomotive Leipzig
95%
2021/22 RB Leipzig
95%
2020/21 VfL Wolfsburg
95%
2009/10 Werder Bremen
95%
2017/18 1. FC Köln
94%
2023/24 Bayer 04 Leverkusen
94%
2019/20 Borussia Mönchengladbach
94%
2021/22 Borussia Dortmund
92%
2024/25 TSG 1899 Hoffenheim
92%
1984/85 FC Vorwärts Frankfurt
91%
2012/13 Hannover 96
90%
2000/01 TSV 1860 München
90%
2003/04 1. FC Kaiserslautern
88%
2007/08 1. FC Nürnberg
87%
2016/17 1. FSV Mainz 05
87%
1991/92 Dynamo Dresden
87%
2013/14 VfB Stuttgart
86%
1989/90 Hansa Rostock
83%
2015/16 FC Augsburg
82%
1990/91 1. FC Magdeburg
78%
2004/05 Alemannia Aachen
78%
1973/74 Fortuna Düsseldorf
78%
2004/05 VfL Bochum
78%
1997/98 Karlsruher SC
74%
1978/79 MSV Duisburg
71%
1986/87 Bayer Uerdingen
68%
1977/77 Eintracht Braunschweig
65%
1986/87 FC Carl Zeiss Jena
60%
1991/92 Rot-Weiß Erfurt
55%
1990/91 Chemnitzer FC
45%
1991/92 Hallescher FC
45%
1973/74 Wuppertaler SV
40%
1987/88 BSG Wismut Aue
39%
1978/79 BFC Dynamo
35%
1886/87 BSG Stahl Brandenburg
10%
Keine übereinstimmenden Quizze gefunden
Verteilung der Resultate
Anzahl Personen mit jedem Resultat
Perzentil nach korrekt beantworteten Fragen
Ihre Resultats-Entwicklung
Sie haben dieses Quiz seit der letzten Aktualisierung nicht gespielt